[Event "Team B15 chess final 2018"]
[Site "Sochi"]
[Date "2018.05.04"]
[Round "4.3"]
[White "Garifullina, Leya"]
[Black "Minachev, Maksim"]
[Result "1-0"]
[WhiteElo "2061"]
[BlackElo "2026"]
[PlyCount "59"]
[EventDate "2018.05.01"]

1. e4 c5 2. Nf3 d6 3. d4 cxd4 4. Nxd4 Nf6 5. Nc3 Nc6 6. Nb3 e6 7. Be3 Be7 8. f3
O-O 9. Qd2 a6 10. O-O-O b5 11. g4 Bb7 12. h4 Ne5 13. Qf2 Nfxg4 14. fxg4 Nxg4
15. Qg1 Nxe3 16. Qxe3 Bxh4 17. Kb1 Bg5 18. Qh3 h6 19. Bd3 b4 20. Ne2 a5 21.
Nbd4 Qe7 22. Nf3 Be3 23. Ng3 a4 24. Rde1 Bb6 25. Nh5 a3 26. Qg4 g6 27. Qf4 Ra5
28. Nf6+ Kg7 29. Qxh6+ Kxf6 30. Qh4+ 1-0

[Event "Team B15 chess final 2018"]
[Site "Sochi"]
[Date "2018.05.04"]
[Round "4.4"]
[White "Babakekhyan, Artem"]
[Black "Pingin, Artem"]
[Result "1/2-1/2"]
[WhiteElo "2042"]
[BlackElo "1972"]
[PlyCount "69"]
[EventDate "2018.05.01"]

1. Nf3 d5 2. d4 Nf6 3. c4 c6 4. Nbd2 e6 5. g3 Nbd7 6. Bg2 Be7 7. O-O O-O 8. Qc2
b6 9. b3 Bb7 10. e4 dxe4 11. Nxe4 c5 12. Nxf6+ Nxf6 13. dxc5 Be4 14. Qd1 Bxc5
15. Bg5 h6 16. Qxd8 Raxd8 17. Bxf6 gxf6 18. Rfe1 Bxf3 19. Bxf3 Rd2 20. Re2 Rfd8
21. Rae1 Kf8 22. Kg2 a5 23. Rxd2 Rxd2 24. Re2 Rxe2 25. Bxe2 f5 26. f4 f6 27.
Bd3 Ke7 28. Kf3 Bd4 29. h3 Kf7 30. Bc2 Ke7 31. Bd3 Kf7 32. Bc2 Ke7 33. Bd3 Kf7
34. Bc2 Ke7 35. Bd3 1/2-1/2

[Event "Team B15 chess final 2018"]
[Site "Sochi"]
[Date "2018.05.04"]
[Round "4.1"]
[White "Tsoi, Dmitry"]
[Black "Tsvetkov, Andrey"]
[Result "1/2-1/2"]
[WhiteElo "2348"]
[BlackElo "2216"]
[PlyCount "80"]
[EventDate "2018.05.01"]
[BlackTeam "Ð¡Ð¨ "]

1. Nf3 d5 2. g3 c6 3. Bg2 Bg4 4. O-O Nd7 5. d3 Ngf6 6. Nbd2 e5 7. e4 dxe4 8.
dxe4 Bc5 9. Qe1 O-O 10. a4 Qe7 11. h3 Bh5 12. Nh4 a5 13. Nc4 Rfe8 14. Kh2 b5
15. Ne3 bxa4 16. Bd2 a3 17. bxa3 a4 18. Nc4 Nb6 19. Ba5 Qa7 20. Bxb6 Bxb6 21.
Bf3 Bd4 22. c3 Qc5 23. cxd4 Qxc4 24. Bxh5 Nxh5 25. Nf5 Qe6 26. Rc1 g6 27. Qe2
Nf6 28. Nh6+ Kg7 29. dxe5 Qxe5 30. Ng4 Nxg4+ 31. Qxg4 Qxe4 32. Qxe4 Rxe4 33.
Rxc6 Rb8 34. Rc3 Rb2 35. Rf3 Ree2 36. Kg2 Rb3 37. Rxb3 axb3 38. Rb1 b2 39. a4
Re4 40. Rxb2 Rxa4 1/2-1/2

[Event "Team B15 chess final 2018"]
[Site "Sochi"]
[Date "2018.05.04"]
[Round "4.2"]
[White "Vasilyev, Alexey"]
[Black "Murzin, Volodar"]
[Result "1/2-1/2"]
[WhiteElo "2074"]
[BlackElo "2302"]
[PlyCount "111"]
[EventDate "2018.05.01"]
[WhiteTeam "Ð¡Ð¨ "]

1. e4 c5 2. Nf3 d6 3. d4 cxd4 4. Nxd4 Nf6 5. Nc3 a6 6. Be2 e5 7. Nf3 Be7 8. Bg5
Nbd7 9. O-O h6 10. Bh4 O-O 11. a4 b6 12. Re1 Bb7 13. Bc4 Rc8 14. Qe2 g5 15. Bg3
Nc5 16. Nd2 Qc7 17. f3 Ne6 18. Bf2 Nd4 19. Bxd4 exd4 20. Nd5 Nxd5 21. exd5 Bf6
22. Qe4 Be5 23. Qf5 Rce8 24. Bd3 f6 25. Be4 Rb8 26. Qh3 Qg7 27. Nc4 Bc8 28. Bf5
Bxf5 29. Qxf5 Qf7 30. a5 b5 31. Nb6 Rfe8 32. g3 Qh7 33. Qd3 f5 34. Re2 Re7 35.
Rae1 Rbe8 36. Kh1 h5 37. f4 gxf4 38. gxf4 Bxf4 39. Rg1+ Kh8 40. Qxd4+ Be5 41.
Qh4 Rg8 42. Rxg8+ Kxg8 43. Nc8 Rd7 44. Nb6 Re7 45. Nc8 Rd7 46. Qg5+ Qg7 47.
Qxh5 Qf7 48. Qg5+ Kf8 49. Qh6+ Qg7 50. Qe6 Qg4 51. Qxd7 Qxe2 52. Qxf5+ Ke8 53.
Qe6+ Kd8 54. Qe7+ Kxc8 55. Qe8+ Kc7 56. Qe7+ 1/2-1/2

[Event "Team B15 chess final 2018"]
[Site "Sochi"]
[Date "2018.05.04"]
[Round "4.3"]
[White "Ter-Saakian, Grigorii"]
[Black "Girshgorn, Leonid"]
[Result "1-0"]
[WhiteElo "2066"]
[BlackElo "1886"]
[PlyCount "65"]
[EventDate "2018.05.01"]
[BlackTeam "Ð¡Ð¨ "]

1. Nf3 Nf6 2. c4 g6 3. Nc3 d5 4. e3 Bg7 5. d4 O-O 6. b4 b6 7. Bb2 c5 8. a3 Nc6
9. Ne5 Bb7 10. Nxc6 Bxc6 11. dxc5 bxc5 12. b5 Bb7 13. Na4 Ne4 14. Bxg7 Kxg7 15.
Be2 Qa5+ 16. Kf1 dxc4 17. Nb2 Rad8 18. Qc2 c3 19. Nc4 Nd2+ 20. Qxd2 Qxa3 21.
Nxa3 Rxd2 22. Nc4 Bxg2+ 23. Kxg2 Rxe2 24. Rxa7 Rd8 25. Rc1 c2 26. Ra2 Kf6 27.
Kf3 Rd1 28. Raxc2 Rxc2 29. Rxc2 Ke6 30. b6 Rd8 31. Na5 Rb8 32. b7 Kd6 33. Ke4
1-0

[Event "Team B15 chess final 2018"]
[Site "Sochi"]
[Date "2018.05.04"]
[Round "4.4"]
[White "Dunaev, Denis"]
[Black "Chertkov, Maksim"]
[Result "1/2-1/2"]
[WhiteElo "1823"]
[BlackElo "1586"]
[PlyCount "139"]
[EventDate "2018.05.01"]
[WhiteTeam "Ð¡Ð¨ "]

1. d4 Nf6 2. c4 g6 3. Nc3 d5 4. e3 Bg7 5. b4 O-O 6. Nf3 a5 7. b5 Be6 8. Ng5 Bg4
9. Qb3 h6 10. Nf3 dxc4 11. Bxc4 Bxf3 12. gxf3 Nbd7 13. Na4 Ne8 14. Rg1 e6 15.
Ba3 Nd6 16. Bxd6 cxd6 17. Rd1 Qh4 18. Ke2 d5 19. Bd3 Qxh2 20. Rh1 Qd6 21. f4
Qb4 22. Rc1 Qxb3 23. axb3 Rfc8 24. b6 Bf8 25. Bb5 Nf6 26. f3 Ba3 27. Rxc8+ Rxc8
28. Nc5 Bxc5 29. Rc1 Kf8 30. Rxc5 Rxc5 31. dxc5 Ke7 32. c6 bxc6 33. Bxc6 Nd7
34. b7 Nb8 35. Bb5 f6 36. Kf2 e5 37. fxe5 fxe5 38. f4 Kf6 39. Kf3 Kf5 40. Be8
exf4 41. exf4 d4 42. Bb5 h5 43. Bd3+ Kf6 44. Ke4 h4 45. Kxd4 h3 46. Be4 h2 47.
Ke3 g5 48. fxg5+ Kxg5 49. Kd4 Kf6 50. Kc5 Ke7 51. Kb6 Kd6 52. Kxa5 Kc7 53. b4
Nd7 54. Ka6 Kb8 55. Bg2 Ne5 56. Kb5 Ng4 57. Kc5 Ne3 58. Bf3 Nf5 59. b5 Nh4 60.
Bc6 Nf5 61. Bf3 Nh4 62. Bc6 Ng6 63. Kd4 Ne7 64. Be4 Nf5+ 65. Kc5 Ne3 66. Kd4
Ng4 67. Bc6 Kc7 68. Bg2 Nh6 69. Ke3 Nf5+ 70. Kf4 1/2-1/2

[Event "Team B15 chess final 2018"]
[Site "Sochi"]
[Date "2018.05.04"]
[Round "4.1"]
[White "Mochalin, Faddey"]
[Black "Kuznetsov, Sergey"]
[Result "0-1"]
[WhiteElo "2077"]
[BlackElo "1708"]
[PlyCount "72"]
[EventDate "2018.05.01"]

1. d4 e6 2. c4 f5 3. g3 Nf6 4. Bg2 Be7 5. Nf3 O-O 6. O-O d6 7. Nc3 Ne4 8. Nxe4
fxe4 9. Nd2 d5 10. f3 Bf6 11. e3 exf3 12. Nxf3 c6 13. Bd2 Nd7 14. Bc3 Nb6 15.
c5 Nd7 16. Qc2 Qe8 17. e4 Qg6 18. Rae1 b6 19. Qa4 Bb7 20. Bh3 dxe4 21. Bxe6+
Kh8 22. Nd2 e3 23. Nf3 Nxc5 24. dxc5 Bxc3 25. bxc3 Qxe6 26. Ng5 Qd5 27. Qg4
Rxf1+ 28. Rxf1 e2 29. Re1 Qxc5+ 30. Kg2 Qd5+ 31. Kg1 c5 32. Rxe2 Rf8 33. Re4
Qxa2 34. Qe2 Qb1+ 35. Qe1 Bxe4 36. Nf3 Rxf3 0-1

[Event "Team B15 chess final 2018"]
[Site "Sochi"]
[Date "2018.05.04"]
[Round "4.2"]
[White "Matushchak, Nikita"]
[Black "Bobkov, Vadim"]
[Result "1/2-1/2"]
[WhiteElo "1737"]
[BlackElo "1933"]
[PlyCount "43"]
[EventDate "2018.05.01"]

1. e4 c5 2. d4 cxd4 3. c3 d3 4. Bxd3 Nc6 5. Nf3 d6 6. h3 g6 7. O-O Nf6 8. c4
Bg7 9. Nc3 O-O 10. Be3 Bd7 11. Rc1 a5 12. g3 Rc8 13. Qe2 h6 14. Nd5 Kh7 15. Bb6
Qe8 16. Nc7 Qd8 17. Nd5 Qe8 18. Nc7 Qd8 19. Nd5 Qe8 20. Nc7 Qd8 21. Nd5 Qe8 22.
Nc7 1/2-1/2

[Event "Team B15 chess final 2018"]
[Site "Sochi"]
[Date "2018.05.04"]
[Round "4.3"]
[White "Petrovsky, Nikita"]
[Black "Derevschikov, Nikita"]
[Result "1-0"]
[WhiteElo "1880"]
[BlackElo "1593"]
[PlyCount "55"]
[EventDate "2018.05.01"]

1. e4 d6 2. d4 g6 3. Nc3 Bg7 4. f4 a6 5. Nf3 b5 6. a3 Bb7 7. Bd3 Nd7 8. e5 dxe5
9. dxe5 Nc5 10. O-O Nxd3 11. cxd3 e6 12. Ne4 Bxe4 13. dxe4 Ne7 14. Be3 O-O 15.
Qc2 c6 16. Rfd1 Qc7 17. Rd6 Rfd8 18. Rad1 Bf8 19. Qf2 Rdb8 20. Rd7 Qa5 21. Bc5
Nc8 22. Bxf8 Kxf8 23. Rd8+ Kg7 24. Qh4 Nb6 25. Qf6+ Kh6 26. Ng5 Rb7 27. R8d3
Kh5 28. Nxh7 1-0

[Event "Team B15 chess final 2018"]
[Site "Sochi"]
[Date "2018.05.04"]
[Round "4.4"]
[White "Maisakov, Mikhail"]
[Black "Leukhin, Artem"]
[Result "0-1"]
[WhiteElo "1561"]
[BlackElo "1656"]
[PlyCount "146"]
[EventDate "2018.05.01"]

1. e4 Nf6 2. e5 Nd5 3. d4 d6 4. Nf3 dxe5 5. Nxe5 c6 6. Bd3 e6 7. O-O Be7 8. Qh5
g6 9. Qf3 f6 10. Ng4 f5 11. Ne5 Nd7 12. Nc3 Nxe5 13. dxe5 Nxc3 14. bxc3 Qd5 15.
Qe2 Kf7 16. Rd1 Rd8 17. Bf4 Qa5 18. Qf3 Bd7 19. Bc4 Qc7 20. Qh3 h5 21. Rd6 b5
22. Be2 h4 23. Rad1 g5 24. Qd3 gxf4 25. Rxd7 Rxd7 26. Qxd7 Qxd7 27. Rxd7 Rd8
28. Rxd8 Bxd8 29. a3 Be7 30. Bf3 Bxa3 31. Bxc6 Bb2 32. Bxb5 Bxc3 33. Kf1 Bxe5
34. Ke2 Ke7 35. f3 Kd6 36. Kd3 Bf6 37. Ba6 Bd8 38. Kc4 Bb6 39. Kd3 Ke5 40. Kc3
Kf6 41. Kd2 e5 42. Kd3 h3 43. gxh3 Kg5 44. Bc8 a5 45. h4+ Kf6 46. h5 a4 47. Kc4
e4 48. h6 exf3 49. h7 Kg7 50. Bxf5 f2 51. Bd3 a3 52. Kb3 Bc5 53. h4 f3 54. h5
Bd6 55. Ka2 f1=Q 56. Bxf1 Kxh7 57. Bd3+ Kh6 58. Be4 f2 59. Bd3 Kxh5 60. Kb1 Kg4
61. Kc1 Kf3 62. Kb1 Kg2 63. Ka2 f1=Q 64. Bxf1+ Kxf1 65. Kb3 Ke2 66. Ka2 Kd2 67.
Kb3 Bc5 68. c3 Kd3 69. c4 Kd4 70. Ka2 Kxc4 71. Ka1 Kb3 72. Kb1 a2+ 73. Kc1
a1=Q+ 0-1

[Event "Team B15 chess final 2018"]
[Site "Sochi"]
[Date "2018.05.04"]
[Round "4.1"]
[White "Makarian, Rudik"]
[Black "Kirushin, Ivan"]
[Result "1/2-1/2"]
[WhiteElo "2378"]
[BlackElo "1800"]
[PlyCount "156"]
[EventDate "2018.05.01"]
[BlackTeam "Ð¡Ð¨ÐžÐ  "]

1. Nf3 Nf6 2. c4 c6 3. g3 d5 4. Bg2 Bg4 5. Ne5 Bf5 6. cxd5 cxd5 7. Qa4+ Nbd7 8.
Nc3 e6 9. d3 Be7 10. e4 dxe4 11. dxe4 Bg6 12. Bg5 O-O 13. Rd1 Nxe5 14. Rxd8
Rfxd8 15. O-O a6 16. Qb3 b5 17. f4 Bc5+ 18. Kh1 Nd3 19. e5 Ng4 20. Bxa8 Rxa8
21. f5 Ngf2+ 22. Kg2 Bxf5 23. g4 Bxg4 24. Kg3 Bf5 25. Bh4 Bd4 26. Ne2 Bxe5+ 27.
Kf3 Ng4 28. Bg3 Nxh2+ 29. Bxh2 Bxh2 30. Kg2 Nc5 31. Qd1 Bc7 32. Rxf5 exf5 33.
Qd5 Re8 34. Qxc5 Rxe2+ 35. Kf3 Re6 36. Qxc7 h6 37. Qf4 Rf6 38. Qb8+ Kh7 39. Kf4
g6 40. Qf8 a5 41. a3 a4 42. Qe8 g5+ 43. Kf3 h5 44. Qxb5 h4 45. Qxa4 Re6 46. Qa8
Re4 47. Qf8 g4+ 48. Kf2 Rf4+ 49. Kg1 g3 50. Qxf7+ Kh6 51. Qf6+ Kh5 52. Qg7 Rf2
53. a4 f4 54. Qf6 h3 55. Qf5+ Kh4 56. Qh7+ Kg4 57. Qg6+ Kh4 58. Qf6+ Kg4 59.
Qe6+ Kh4 60. Qe7+ Kg4 61. Qg7+ Kh4 62. Qh6+ Kg4 63. Qg6+ Kh4 64. Qf6+ Kg4 65.
Qg7+ Kh4 66. Qh6+ Kg4 67. Qe6+ Kh4 68. Qe7+ Kg4 69. Qd7+ Kh4 70. Qd8+ Kg4 71.
Qd1+ Kh4 72. Qd8+ Kg4 73. Qd1+ Kh4 74. a5 Rg2+ 75. Kh1 Rh2+ 76. Kg1 Rg2+ 77.
Kf1 Rf2+ 78. Kg1 Rg2+ 1/2-1/2

[Event "Team B15 chess final 2018"]
[Site "Sochi"]
[Date "2018.05.04"]
[Round "4.2"]
[White "Smelykh, Edvin"]
[Black "Zakirov, Artur"]
[Result "1-0"]
[WhiteElo "1937"]
[BlackElo "1922"]
[PlyCount "95"]
[EventDate "2018.05.01"]
[WhiteTeam "Ð¡Ð¨ÐžÐ  "]

1. e4 e5 2. Nf3 Nc6 3. Bb5 Nge7 4. O-O a6 5. Ba4 g6 6. c3 Bg7 7. d4 exd4 8.
cxd4 b5 9. Bc2 d6 10. h3 O-O 11. a3 Na5 12. Bd2 Nc4 13. Bc3 Bb7 14. Nbd2 Nb6
15. Re1 c5 16. Qe2 Re8 17. Qd3 Nc6 18. d5 Ne5 19. Nxe5 Bxe5 20. Bxe5 dxe5 21.
Qe3 Qd6 22. Rac1 Rec8 23. Bb3 a5 24. g3 c4 25. Bd1 Kh8 26. Qg5 f6 27. Qe3 Nd7
28. Bg4 Nc5 29. Bxc8 Bxc8 30. Red1 a4 31. Nxc4 bxc4 32. Rxc4 Nb3 33. Rc6 Qf8
34. Qb6 Bxh3 35. Rxf6 Qh6 36. Rf7 Nd4 37. Rxd4 exd4 38. Qxd4+ Kg8 39. Qf6 Rc8
40. Qf4 Qxf4 41. Rxf4 Bd7 42. e5 Bb5 43. e6 g5 44. Rg4 h6 45. Rb4 Be2 46. g4
Bf3 47. d6 Kf8 48. Rxa4 1-0

[Event "Team B15 chess final 2018"]
[Site "Sochi"]
[Date "2018.05.04"]
[Round "4.3"]
[White "Lupolov, Boris"]
[Black "Fridman, Roman A"]
[Result "1-0"]
[WhiteElo "1929"]
[BlackElo "1735"]
[PlyCount "117"]
[EventDate "2018.05.01"]
[BlackTeam "Ð¡Ð¨ÐžÐ  "]

1. d4 Nf6 2. c4 g6 3. Nc3 Bg7 4. e4 d6 5. f3 O-O 6. Be3 Nc6 7. Nge2 a6 8. Qd2
Rb8 9. Rc1 Bd7 10. Nd1 b5 11. cxb5 axb5 12. b4 Na7 13. d5 Ra8 14. Nd4 Qb8 15.
Nc3 Rc8 16. Bd3 c6 17. dxc6 Nxc6 18. Ncxb5 Ne8 19. Nxc6 Rxc6 20. Rxc6 Bxc6 21.
Nd4 Bd7 22. O-O Ra4 23. Rb1 Nc7 24. Bc2 Rxa2 25. Qd3 Ra8 26. Bb3 Nb5 27. Bd5
Ra3 28. Bb3 Nxd4 29. Bxd4 Bxd4+ 30. Qxd4 Qa7 31. Qxa7 Rxa7 32. Kf2 Rb7 33. Ke3
Kf8 34. Bd5 Rb6 35. Kd4 e6 36. Bc4 Ke7 37. Bd3 Rb7 38. h4 h6 39. g4 Kf6 40. b5
Ke7 41. Kc3 Kd8 42. Kb4 Kc7 43. Rc1+ Kb6 44. Ra1 Kc7 45. Ra6 e5 46. g5 hxg5 47.
hxg5 Be8 48. Bc4 Bd7 49. b6+ Rxb6+ 50. Rxb6 Kxb6 51. Bxf7 Bc6 52. Bxg6 d5 53.
Bf5 d4 54. Bh7 Bd7 55. g6 Be6 56. g7 Kc6 57. g8=Q Bxg8 58. Bxg8 Kd6 59. Bc4 1-0

[Event "Team B15 chess final 2018"]
[Site "Sochi"]
[Date "2018.05.04"]
[Round "4.4"]
[White "Sukiasian, Anait"]
[Black "Larichev, Prokhor"]
[Result "1-0"]
[WhiteElo "1721"]
[BlackElo "1772"]
[PlyCount "107"]
[EventDate "2018.05.01"]
[WhiteTeam "Ð¡Ð¨ÐžÐ  "]

1. d4 d5 2. c4 e6 3. Nc3 c6 4. Nf3 dxc4 5. a4 Bb4 6. e3 b5 7. Bd2 a5 8. axb5
Bxc3 9. Bxc3 cxb5 10. b3 Bb7 11. bxc4 b4 12. Bb2 Nf6 13. Be2 Nbd7 14. O-O Qc7
15. h3 O-O 16. Nd2 a4 17. c5 a3 18. Bc1 Bc6 19. Nc4 Rfb8 20. f3 Nd5 21. Bd2 Bb5
22. Qc2 Ba4 23. Qc1 Ne7 24. Bd3 Bc6 25. Qb1 g6 26. e4 Ra4 27. Bg5 f6 28. Be3
Qa7 29. Qb3 Kg7 30. Nd6 Nf8 31. Bc4 Bd7 32. d5 exd5 33. exd5 Ra5 34. c6 Qc7 35.
Nb5 Raxb5 36. Bxb5 Rxb5 37. cxd7 Qxd7 38. Rfd1 Nf5 39. Bf2 Nd6 40. Rd4 Qf7 41.
Rb1 a2 42. Qxa2 b3 43. Qd2 b2 44. Qe2 Rxd5 45. Rxd5 Qxd5 46. Qxb2 Qf7 47. Bc5
Nc4 48. Qb4 Ne5 49. Bxf8+ Qxf8 50. Qxf8+ Kxf8 51. Rb7 Nf7 52. Kf2 Kg7 53. Ke3
h5 54. Kd4 1-0

[Event "Team B15 chess final 2018"]
[Site "Sochi"]
[Date "2018.05.04"]
[Round "4.1"]
[White "Balayan, Eduard"]
[Black "Tsybulkin, Ivan"]
[Result "0-1"]
[WhiteElo "1387"]
[BlackElo "1814"]
[PlyCount "106"]
[EventDate "2018.05.01"]

1. e4 d5 2. Nf3 dxe4 3. Ng5 Bf5 4. Nc3 Nf6 5. Bc4 e6 6. f3 Qd4 7. Qe2 exf3 8.
Nxf3 Qd8 9. d3 Nbd7 10. O-O Bc5+ 11. Kh1 O-O 12. Bf4 Bd6 13. Be3 c6 14. Bg1 Nb6
15. Bb3 Nbd5 16. Nxd5 cxd5 17. Rae1 b6 18. Ne5 Qc7 19. h3 Bxe5 20. Qxe5 Qxe5
21. Rxe5 Nd7 22. Re2 Nc5 23. Bxd5 Bxd3 24. cxd3 exd5 25. Rf3 Ne6 26. Rf5 Rfd8
27. Ree5 g6 28. Rf1 Rac8 29. Re2 Rd7 30. Ref2 d4 31. Bh2 Rc5 32. g4 Ra5 33. a3
Rc5 34. Kg2 b5 35. Re2 a6 36. Rff2 Rd8 37. Rc2 Rdc8 38. Rxc5 Rxc5 39. h4 Rc1
40. Rd2 Kg7 41. Kf3 f5 42. gxf5 gxf5 43. Bg3 Kf6 44. Bd6 Re1 45. Bg3 Re3+ 46.
Kg2 f4 47. Bf2 f3+ 48. Kg3 Ke5 49. Bxe3 dxe3 50. Rc2 f2 51. Kg2 Nf4+ 52. Kf1
Nxd3 53. Rc8 Ke4 0-1

[Event "Team B15 chess final 2018"]
[Site "Sochi"]
[Date "2018.05.04"]
[Round "4.2"]
[White "Bratov, Ademir"]
[Black "Korobchenko, Yuri"]
[Result "1-0"]
[WhiteElo "1627"]
[BlackElo "1470"]
[PlyCount "69"]
[EventDate "2018.05.01"]

1. e4 c6 2. d4 d5 3. e5 Bf5 4. h4 h5 5. c4 e6 6. Nc3 Nd7 7. cxd5 cxd5 8. Bd3
Bxd3 9. Qxd3 a6 10. Nge2 Nh6 11. Nf4 Nb6 12. g3 Nf5 13. O-O Be7 14. a4 g5 15.
hxg5 Bxg5 16. Ncxd5 Nxd5 17. Nxd5 Qxd5 18. Bxg5 Qxd4 19. Qxd4 Nxd4 20. Bf6 Rh6
21. Rfd1 Nb3 22. Ra3 Nc5 23. Bh4 a5 24. Rc3 b6 25. Rc4 Kf8 26. Rd6 Rb8 27. b4
axb4 28. Rxb4 Ra8 29. Rdxb6 Rxa4 30. Rb8+ Kg7 31. Rxa4 Nxa4 32. Bg5 Rh7 33.
Bf6+ Kg6 34. Rg8+ Kf5 35. f3 1-0

[Event "Team B15 chess final 2018"]
[Site "Sochi"]
[Date "2018.05.04"]
[Round "4.3"]
[White "Zhugin, Nikolay"]
[Black "Druchenko, Mikhail"]
[Result "0-1"]
[WhiteElo "1352"]
[BlackElo "1822"]
[PlyCount "120"]
[EventDate "2018.05.01"]

1. c4 f5 2. g3 Nf6 3. Bg2 g6 4. e3 Bg7 5. Ne2 O-O 6. O-O d6 7. Nbc3 e5 8. d4 c6
9. b3 e4 10. f3 exf3 11. Bxf3 Re8 12. Nf4 Na6 13. Bb2 Bd7 14. Qd2 Qe7 15. Rae1
Ne4 16. Qe2 Rf8 17. a3 Rae8 18. b4 Nc7 19. Bxe4 fxe4 20. h4 Rf7 21. Rd1 g5 22.
hxg5 Qxg5 23. Qg2 Bg4 24. Rd2 Bf3 25. Qh3 Rf6 26. Qh4 Qxh4 27. gxh4 Bh6 28.
Nce2 d5 29. c5 Ne6 30. Bc1 Kf7 31. Rb2 Rg8+ 32. Kf2 Nxf4 33. Nxf4 Bxf4 34. exf4
Rh6 35. Rg1 Rxg1 36. Kxg1 Rxh4 37. Rh2 Rg4+ 38. Kf2 Rg7 39. Rh6 Bg4 40. a4 Bd7
41. Bd2 a6 42. a5 Kg8 43. Rd6 Rf7 44. Rh6 Kg7 45. Rh2 Bg4 46. Kg3 h5 47. Be3
Kg6 48. Rh4 Kf5 49. Bd2 Rg7 50. Kf2 Bf3 51. Rh2 Kg4 52. Be3 h4 53. Bd2 h3 54.
Be3 Bg2 55. Bd2 Kh4 56. Be1 Kg4 57. Bd2 Rf7 58. Be3 Rxf4+ 59. Bxf4 Kxf4 60. Kg1
Kf3 0-1

[Event "Team B15 chess final 2018"]
[Site "Sochi"]
[Date "2018.05.04"]
[Round "4.4"]
[White "Smekalov, Alexei"]
[Black "Pashinin, Maxim"]
[Result "1-0"]
[WhiteElo "1486"]
[BlackElo "1248"]
[PlyCount "99"]
[EventDate "2018.05.01"]

1. e4 c5 2. Nf3 Nc6 3. d4 cxd4 4. Nxd4 Nf6 5. Nc3 e5 6. Ndb5 d6 7. Nd5 Nxd5 8.
exd5 Ne7 9. c4 a6 10. Qa4 axb5 11. Qxa8 Nf5 12. Bd2 Be7 13. Ba5 Qd7 14. c5 O-O
15. c6 bxc6 16. Qxc6 Nd4 17. Qxd7 Bxd7 18. Bd3 Ra8 19. b4 Rc8 20. Bb6 Rc3 21.
Kd2 Ra3 22. Bxd4 exd4 23. f4 g6 24. Rhc1 Ra7 25. Rc2 Kg7 26. Rac1 Bd8 27. Rf1
f5 28. Rb2 Ra3 29. Bb1 g5 30. Rb3 Rxb3 31. axb3 gxf4 32. Kd3 Bf6 33. Rc1 Kf8
34. Ke2 Be5 35. Rc7 Ke8 36. Rb7 Kd8 37. Rb8+ Kc7 38. Rf8 f3+ 39. Kxf3 Bxh2 40.
Bxf5 Bxf5 41. Rxf5 Bg1 42. Rf7+ Kb6 43. Rd7 d3 44. Rxd6+ Kc7 45. Rc6+ Kd7 46.
Rc1 Bd4 47. Rd1 Kd6 48. Ke4 Bc3 49. Rxd3 Bxb4 50. Rh3 1-0

[Event "Team B15 chess final 2018"]
[Site "Sochi"]
[Date "2018.05.04"]
[Round "4.1"]
[White "Kopylov, Artem"]
[Black "Sargsyan, Anatoly"]
[Result "0-1"]
[WhiteElo "1696"]
[BlackElo "1650"]
[PlyCount "74"]
[EventDate "2018.05.01"]

1. d4 Nf6 2. c4 c5 3. d5 b5 4. cxb5 a6 5. f3 g6 6. e4 d6 7. Na3 Bg7 8. Ne2 axb5
9. Nxb5 O-O 10. Nec3 Ba6 11. Be2 Ne8 12. O-O Nc7 13. a4 Nd7 14. Rb1 Nf6 15. Qc2
Nxb5 16. Nxb5 Ne8 17. b3 Nc7 18. Nxc7 Bxe2 19. Nxa8 Bxf1 20. Kxf1 Qxa8 21. Bb2
Bxb2 22. Qxb2 Rb8 23. Qc3 Qa6+ 24. Kg1 Rb4 25. Re1 Qb6 26. Re3 c4 27. bxc4 Qc5
28. Qa3 Qxc4 29. Re1 Rxa4 30. Qe3 Ra2 31. f4 Qc2 32. Qf3 Qc5+ 33. Kh1 Rf2 34.
Qg3 Qc2 35. h3 Qd2 36. Re3 Rf1+ 37. Kh2 Qc1 0-1

[Event "Team B15 chess final 2018"]
[Site "Sochi"]
[Date "2018.05.04"]
[Round "4.2"]
[White "Kamaev, Dzhabrail"]
[Black "Kuznetsova, Olga"]
[Result "1-0"]
[WhiteElo "1956"]
[BlackElo "1439"]
[PlyCount "107"]
[EventDate "2018.05.01"]

1. Nf3 d5 2. d4 c5 3. e3 e6 4. b3 Nf6 5. Bb2 a6 6. Bd3 b5 7. dxc5 Bxc5 8. O-O
Bb7 9. Nbd2 O-O 10. Qe2 Nbd7 11. e4 dxe4 12. Nxe4 Nxe4 13. Bxe4 Bxe4 14. Qxe4
Nf6 15. Qe2 Nd5 16. Rfd1 Qb6 17. Rab1 b4 18. Ne5 Qb7 19. Nd3 Be7 20. Qg4 g6 21.
Nf4 Nxf4 22. Qxf4 f6 23. c3 bxc3 24. Bxc3 e5 25. Qc4+ Kg7 26. Qe6 Ra7 27. Bb2
Qc8 28. Qb6 Qc7 29. Qe3 Qc5 30. Qxc5 Bxc5 31. Rbc1 Be7 32. Kf1 Rd8 33. Ke2 Rad7
34. Rxd7 Rxd7 35. Rc6 Rd6 36. Rc7 Kf8 37. Ba3 Re6 38. Rxe7 Rxe7 39. Kd3 Ke8 40.
Bxe7 Kxe7 41. b4 f5 42. Kc4 e4 43. Kd5 Kd7 44. a4 Kc7 45. h3 Kb6 46. g4 a5 47.
gxf5 axb4 48. f6 b3 49. f7 b2 50. f8=Q Ka7 51. Qb4 b1=Q 52. Qxb1 Ka6 53. Kc6
Ka7 54. Qb7# 1-0

[Event "Team B15 chess final 2018"]
[Site "Sochi"]
[Date "2018.05.04"]
[Round "4.3"]
[White "Kuznetsova, Yulia"]
[Black "Kalaychev, Nodis"]
[Result "0-1"]
[WhiteElo "1319"]
[BlackElo "1525"]
[PlyCount "44"]
[EventDate "2018.05.01"]

1. e4 g6 2. d4 d6 3. Nc3 Bg7 4. Be3 Nf6 5. f3 O-O 6. Qd2 c6 7. g4 b5 8. O-O-O
Qa5 9. Kb1 b4 10. Nce2 Be6 11. a3 c5 12. d5 Bc8 13. Ng3 Nbd7 14. h4 Rd8 15. h5
Ba6 16. c4 bxc3 17. Qe1 Bxf1 18. Nxf1 Rab8 19. Rh2 Qxa3 20. Qf2 Rxb2+ 21. Qxb2
cxb2 22. Rxb2 Nxe4 0-1

[Event "Team B15 chess final 2018"]
[Site "Sochi"]
[Date "2018.05.05"]
[Round "5.1"]
[White "Tsoi, Dmitry"]
[Black "Kharitonov, Egor"]
[Result "1-0"]
[WhiteElo "2348"]
[BlackElo "2045"]
[PlyCount "95"]
[EventDate "2018.05.01"]

1. Nf3 d5 2. g3 e6 3. Bg2 Nf6 4. c4 Be7 5. O-O O-O 6. b3 b6 7. Bb2 Bb7 8. e3 c5
9. d4 Nbd7 10. Nbd2 Rc8 11. Rc1 cxd4 12. Nxd4 Nc5 13. Qe2 Qd7 14. Rfd1 dxc4 15.
Nxc4 Bxg2 16. Kxg2 Qb7+ 17. f3 a6 18. e4 b5 19. Na5 Qb6 20. b4 Na4 21. Ndc6
Bxb4 22. Bd4 Qc7 23. Nxb4 Qxa5 24. Nc6 Qc7 25. Bxf6 gxf6 26. e5 fxe5 27. Qe3 f6
28. Na7 Nc3 29. Nxc8 Nxd1 30. Qd2 Rd8 31. Qxd1 Rxd1 32. Rxc7 Rd2+ 33. Kh3 Rxa2
34. Nd6 b4 35. Rb7 a5 36. Ne4 f5 37. Nc5 Rc2 38. Nxe6 h6 39. g4 f4 40. g5 hxg5
41. Kg4 Rc6 42. Rb8+ Kh7 43. Nxg5+ Kg7 44. Rb7+ Kg8 45. Kf5 Ra6 46. Ne4 a4 47.
Nf6+ Kf8 48. Kg6 1-0

[Event "Team B15 chess final 2018"]
[Site "Sochi"]
[Date "2018.05.05"]
[Round "5.2"]
[White "Kuzmin, Roman"]
[Black "Murzin, Volodar"]
[Result "0-1"]
[WhiteElo "1950"]
[BlackElo "2302"]
[PlyCount "58"]
[EventDate "2018.05.01"]

1. e4 c5 2. Nf3 d6 3. d4 cxd4 4. Nxd4 Nf6 5. Nc3 a6 6. h3 b5 7. g4 Bb7 8. Bg2
g6 9. O-O Nbd7 10. g5 Nh5 11. a4 e5 12. Nb3 b4 13. Nd5 a5 14. Be3 h6 15. h4
hxg5 16. Bxg5 Nhf6 17. Bh3 Bxd5 18. Bxd7+ Kxd7 19. exd5 Bh6 20. f4 Bxg5 21.
fxg5 Qb6+ 22. Kg2 Rxh4 23. gxf6 Rah8 24. Rh1 Qe3 25. Rxh4 Rxh4 26. Nxa5 Qg5+
27. Kf3 Qf4+ 28. Ke2 Rh2+ 29. Kd3 Qd4# 0-1

[Event "Team B15 chess final 2018"]
[Site "Sochi"]
[Date "2018.05.05"]
[Round "5.3"]
[White "Ter-Saakian, Grigorii"]
[Black "Garifullina, Leya"]
[Result "1/2-1/2"]
[WhiteElo "2066"]
[BlackElo "2061"]
[PlyCount "61"]
[EventDate "2018.05.01"]

1. Nf3 d5 2. g3 Nf6 3. Bg2 e6 4. c4 Be7 5. O-O O-O 6. d4 Nbd7 7. Bf4 c5 8. cxd5
Nxd5 9. Nc3 Nxf4 10. gxf4 cxd4 11. Nxd4 Nc5 12. Nb3 Qc7 13. Nxc5 Qxc5 14. Rc1
Qb4 15. Qa4 Qxb2 16. Rc2 Qb4 17. Qxb4 Bxb4 18. Rb1 a5 19. Na4 Ra6 20. Rxc8 Rxc8
21. Bxb7 Rac6 22. Bxc6 Rxc6 23. Nb2 Rc2 24. Nd3 Rxa2 25. Nxb4 axb4 26. Rxb4 g6
27. e3 Ra1+ 28. Kg2 Ra2 29. Kg1 Ra1+ 30. Kg2 Ra2 31. Kg1 1/2-1/2

[Event "Team B15 chess final 2018"]
[Site "Sochi"]
[Date "2018.05.05"]
[Round "5.4"]
[White "Pingin, Artem"]
[Black "Chertkov, Maksim"]
[Result "1-0"]
[WhiteElo "1972"]
[BlackElo "1586"]
[PlyCount "73"]
[EventDate "2018.05.01"]

1. c4 e5 2. a3 Nf6 3. Nc3 d5 4. cxd5 Nxd5 5. Nf3 Nc6 6. e4 Nxc3 7. bxc3 Bc5 8.
Bb5 O-O 9. O-O Bg4 10. h3 Bh5 11. Be2 Bg6 12. d3 Qd6 13. Nh4 Rad8 14. Nxg6 fxg6
15. Be3 Bxe3 16. Qb3+ Kh8 17. fxe3 Na5 18. Qb4 Rxf1+ 19. Rxf1 Qxb4 20. axb4 Nc6
21. Rf7 Rc8 22. d4 Kg8 23. Bc4 Kh8 24. Be6 Rb8 25. d5 a5 26. dxc6 a4 27. cxb7
h6 28. Rxc7 Kh7 29. Bd5 a3 30. Rc8 Rxb7 31. Bxb7 g5 32. Ra8 g4 33. Rxa3 g3 34.
Bc8 h5 35. Bf5+ Kh6 36. Ra6+ g6 37. Rxg6+ 1-0